000 00630nam a2200217 a 4500
005 20210223122432.0
008 991125s1988 es 000 0 spa u
020 _a8485791827
035 _aUPN01000035633
049 _aCE
050 4 _aQK329
_bC6.2
100 1 _aColinas Lobato, Antonio,
_d1946-
_938639
245 1 3 _aLa llamada de los árboles /
_cAntonio Colinas.
260 _aBarcelona, Esp. :
_bElfos,
_c1988.
300 _a[60] p. :
_bil. col.
440 0 _aMiniaturas selectas
650 4 _aARBOLES -
_zESPAÑA
_9549
650 4 _aARBOLES EN EL ARTE
_9607
650 4 _aARBOLES EN LA LITERATURA
_97628
905 _aLibro
999 _c35633
_d35633